[Event "DEN-ch G5-2"]
[Site "Svendborg"]
[Date "2019.04.22"]
[Round "5"]
[White "Nielsen, Mathias"]
[Black "Oseney, Mazen"]
[Result "1-0"]
[WhiteElo "1888"]
[BlackElo "1833"]
[PlyCount "71"]
[EventDate "2019.04.18"]
[EventType "swiss"]
[EventRounds "5"]
[EventCountry "DEN"]
[SourceTitle "EXT 2020"]
[Source "ChessBase"]
[SourceDate "2019.10.17"]
[SourceVersion "1"]
[SourceVersionDate "2019.10.17"]
[SourceQuality "1"]

1. e4 g6 2. Nf3 Bg7 3. Bc4 c5 4. 0-0 Nc6 5. c3 Nf6 6. Re1 d6 7. d4 cxd4 8. Nxd4 0-0 9. Bg5 Qb6 10. Qb3 Qc7 11. Nxc6 bxc6 12. Nd2 a5 13. Qc2 a4 14. Nf3 Ng4 15. h3 Ne5 16. Nxe5 Bxe5 17. f4 Bg7 18. f5 d5 19. Bd3 dxe4 20. Bxe4 gxf5 21. Bxf5 Bxf5 22. Qxf5 e6 23. Qg4 Kh8 24. Kh1 Rg8 25. Qf4 Qb7 26. Re2 Ra5 27. Bf6 a3 28. bxa3 Rf5 29. Bxg7+ Rxg7 30. Qe4 Qc7 31. Rb1 Rg6 32. Rd1 Rgf6 33. Qd4 Kg7 34. Re4 Rf1+ 35. Rxf1 e5 36. Qd3 1-0

[Event "Nordic School-ch U17"]
[Site "Espoo"]
[Date "2012.02.19"]
[Round "6"]
[White "Nielsen, Mathias"]
[Black "Christensen, Casper"]
[Result "1/2-1/2"]
[WhiteElo "1572"]
[BlackElo "1955"]
[PlyCount "45"]
[EventDate "2012.02.17"]
[EventType "swiss"]
[EventRounds "6"]
[EventCountry "FIN"]
[SourceTitle "EXT 2022"]
[Source "ChessBase"]
[SourceDate "2021.10.06"]
[SourceVersion "1"]
[SourceVersionDate "2021.10.06"]
[SourceQuality "1"]

1. e4 d6 2. d4 g6 3. Nf3 Bg7 4. c3 Nc6 5. Bb5 a6 6. Bxc6+ bxc6 7. 0-0 f5 8. e5 e6 9. Bg5 Qd7 10. Nbd2 Nh6 11. Bxh6 Bxh6 12. Nc4 Rb8 13. b4 Bb7 14. Re1 0-0 15. Qb3 Rfe8 16. Na5 Ba8 17. Nc4 g5 18. h3 Kh8 19. a4 Re7 20. a5 c5 21. exd6 cxd6 22. Nb6 Qe8 23. Nxa8 1/2-1/2

[Event "Nordic School-ch U17"]
[Site "Espoo"]
[Date "2012.02.18"]
[Round "3"]
[White "Nielsen, Mathias"]
[Black "Sigurdsson, Birkir Karl"]
[Result "1-0"]
[WhiteElo "1572"]
[BlackElo "1694"]
[PlyCount "83"]
[EventDate "2012.02.17"]
[EventType "swiss"]
[EventRounds "6"]
[EventCountry "FIN"]
[SourceTitle "EXT 2022"]
[Source "ChessBase"]
[SourceDate "2021.10.06"]
[SourceVersion "1"]
[SourceVersionDate "2021.10.06"]
[SourceQuality "1"]

1. e4 c5 2. Nf3 d6 3. Bc4 Nc6 4. 0-0 g6 5. c3 Nf6 6. Re1 Bg4 7. h3 Bxf3 8. Qxf3 Bg7 9. Bb5 Qb6 10. Na3 0-0 11. Bxc6 Qxc6 12. d3 b5 13. Nc2 a5 14. d4 c4 15. Bg5 Rab8 16. a3 Rfe8 17. Bxf6 Bxf6 18. Ne3 Bg7 19. Nd5 e6 20. Ne3 b4 21. axb4 axb4 22. Ra7 Rf8 23. Rea1 bxc3 24. bxc3 Rb3 25. R1a6 Rb6 26. Ra4 d5 27. exd5 exd5 28. Nxd5 Rb1+ 29. Kh2 Qd6+ 30. g3 Qe6 31. Re7 Qc6 32. Raa7 Kh8 33. Rxf7 Rg8 34. Rxg7 Rxg7 35. Qf8+ Rg8 36. Qxg8+ Kxg8 37. Ne7+ Kh8 38. Nxc6 Rb3 39. d5 Rxc3 40. d6 Rd3 41. d7 c3 42. d8Q+ 1-0